The magician's nephew / (Record no. 28533)
[ view plain ]
| 000 -LEADER | |
|---|---|
| fixed length control field | 01225cam a2200253 a 4500 |
| 001 - CONTROL NUMBER | |
| control field | 13719571 |
| 005 - DATE AND TIME OF LATEST TRANSACTION | |
| control field | 20160802161056.0 |
| 008 - FIXED-LENGTH DATA ELEMENTS--GENERAL INFORMATION | |
| fixed length control field | 040915s2005 nyu c 000 1 eng |
| 010 ## - LIBRARY OF CONGRESS CONTROL NUMBER | |
| LC control number | 2004113550 |
| 020 ## - INTERNATIONAL STANDARD BOOK NUMBER | |
| International Standard Book Number | 0060764902 (pbk.) |
| 040 ## - CATALOGING SOURCE | |
| Original cataloging agency | PACU |
| Transcribing agency | PACU |
| Language of cataloging | eng |
| 050 00 - LIBRARY OF CONGRESS CALL NUMBER | |
| Classification number | PZ7.L58474 |
| Item number | Mag 2005 |
| 100 1# - MAIN ENTRY--PERSONAL NAME | |
| Personal name | Lewis, C. S. |
| Fuller form of name | (Clive Staples), |
| Dates associated with a name | 1898-1963. |
| 245 14 - TITLE STATEMENT | |
| Title | The magician's nephew / |
| Statement of responsibility, etc | C. S. Lewis. |
| 260 ## - PUBLICATION, DISTRIBUTION, ETC. (IMPRINT) | |
| Place of publication, distribution, etc | New York, NY : |
| Name of publisher, distributor, etc | HarperCollins, |
| Date of publication, distribution, etc | 2005. |
| 300 ## - PHYSICAL DESCRIPTION | |
| Extent | 219 p., 38 p. ; |
| Dimensions | 21 cm. |
| 490 1# - SERIES STATEMENT | |
| Series statement | The chronicles of Narnia ; |
| Volume number/sequential designation | bk. 1 |
| 500 ## - GENERAL NOTE | |
| General note | Includes chapter one from The lion, the witch and the wardrobe, excerpts from Beyond the wardrobe, and reading group guide to The magician's nephew. |
| 520 ## - SUMMARY, ETC. | |
| Summary, etc | When Digory and Polly try to return the wicked witch Jadis to her own world, the magic gets mixed up and they all land in Narnia where they witness Aslan blessing the animals with human speech. |
| 650 #1 - SUBJECT ADDED ENTRY--TOPICAL TERM | |
| Topical term or geographic name as entry element | Fantasy. |
| 800 1# - SERIES ADDED ENTRY--PERSONAL NAME | |
| Personal name | Lewis, C. S. |
| Fuller form of name | (Clive Staples), |
| Dates associated with a name | 1898-1963. |
| Title of a work | Chronicles of Narnia (HarperCollins (Firm)) ; |
| Volume/sequential designation | bk. 1. |
| 856 42 - ELECTRONIC LOCATION AND ACCESS | |
| Materials specified | Publisher description |
| Uniform Resource Identifier | <a href="http://www.loc.gov/catdir/enhancements/fy0633/2004113550-d.html">http://www.loc.gov/catdir/enhancements/fy0633/2004113550-d.html</a> |
| 942 ## - ADDED ENTRY ELEMENTS (KOHA) | |
| Source of classification or shelving scheme | Library of Congress Classification |
| Item type | E-book on kindle |
| Classification part | PZ7 |
| Call number prefix | 2005 |
| Withdrawn status | Lost status | Source of classification or shelving scheme | Damaged status | Not for loan | Home library | Current library | Shelving location | Date acquired | Source of acquisition | Total Checkouts | Full call number | Date last seen | Copy number | Price effective from | Koha item type |
|---|---|---|---|---|---|---|---|---|---|---|---|---|---|---|---|
| Library of Congress Classification | PAC UNIVERSITY | PAC UNIVERSITY | KNDL | 02/08/2016 | Donation | FIC PZ7.L58474 2005 | 02/08/2016 | C.1 | 02/08/2016 | E-book on kindle | |||||
| Library of Congress Classification | PAC UNIVERSITY | PAC UNIVERSITY | KNDL | 02/08/2016 | Donation | FIC PZ7.L58474 2005 | 02/08/2016 | C.2 | 02/08/2016 | E-book on kindle | |||||
| Library of Congress Classification | PAC UNIVERSITY | PAC UNIVERSITY | KNDL | 02/08/2016 | Donation | FIC PZ7.L58474 2005 | 02/08/2016 | C.3 | 02/08/2016 | E-book on kindle | |||||
| Library of Congress Classification | PAC UNIVERSITY | PAC UNIVERSITY | KNDL | 02/08/2016 | Donation | FIC PZ7.L58474 2005 | 02/08/2016 | C.4 | 02/08/2016 | E-book on kindle | |||||
| Library of Congress Classification | PAC UNIVERSITY | PAC UNIVERSITY | KNDL | 02/08/2016 | Donation | FIC PZ7.L58474 2005 | 02/08/2016 | C.5 | 02/08/2016 | E-book on kindle | |||||
| Library of Congress Classification | PAC UNIVERSITY | PAC UNIVERSITY | KNDL | 02/08/2016 | Donation | FIC PZ7.L58474 2005 | 02/08/2016 | C.6 | 02/08/2016 | E-book on kindle | |||||
| Library of Congress Classification | PAC UNIVERSITY | PAC UNIVERSITY | KNDL | 02/08/2016 | Donation | FIC PZ7.L58474 2005 | 02/08/2016 | C.7 | 02/08/2016 | E-book on kindle | |||||
| Library of Congress Classification | PAC UNIVERSITY | PAC UNIVERSITY | KNDL | 02/08/2016 | Donation | FIC PZ7.L58474 2005 | 02/08/2016 | C.8 | 02/08/2016 | E-book on kindle | |||||
| Library of Congress Classification | PAC UNIVERSITY | PAC UNIVERSITY | KNDL | 02/08/2016 | Donation | FIC PZ7.L58474 2005 | 02/08/2016 | C.9 | 02/08/2016 | E-book on kindle | |||||
| Library of Congress Classification | PAC UNIVERSITY | PAC UNIVERSITY | KNDL | 02/08/2016 | Donation | FIC PZ7.L58474 2005 | 02/08/2016 | C.10 | 02/08/2016 | E-book on kindle | |||||
| Library of Congress Classification | PAC UNIVERSITY | PAC UNIVERSITY | KNDL | 02/08/2016 | Donation | FIC PZ7.L58474 2005 | 02/08/2016 | C.11 | 02/08/2016 | E-book on kindle | |||||
| Library of Congress Classification | PAC UNIVERSITY | PAC UNIVERSITY | KNDL | 02/08/2016 | Donation | FIC PZ7.L58474 2005 | 02/08/2016 | C.12 | 02/08/2016 | E-book on kindle | |||||
| Library of Congress Classification | PAC UNIVERSITY | PAC UNIVERSITY | KNDL | 02/08/2016 | Donation | FIC PZ7.L58474 2005 | 02/08/2016 | C.13 | 02/08/2016 | E-book on kindle | |||||
| Library of Congress Classification | PAC UNIVERSITY | PAC UNIVERSITY | KNDL | 02/08/2016 | Donation | FIC PZ7.L58474 2005 | 02/08/2016 | C.14 | 02/08/2016 | E-book on kindle | |||||
| Library of Congress Classification | PAC UNIVERSITY | PAC UNIVERSITY | KNDL | 02/08/2016 | Donation | FIC PZ7.L58474 2005 | 02/08/2016 | C.15 | 02/08/2016 | E-book on kindle | |||||
| Library of Congress Classification | PAC UNIVERSITY | PAC UNIVERSITY | KNDL | 02/08/2016 | Donation | FIC PZ7.L58474 2005 | 02/08/2016 | C.16 | 02/08/2016 | E-book on kindle | |||||
| Library of Congress Classification | PAC UNIVERSITY | PAC UNIVERSITY | KNDL | 02/08/2016 | Donation | FIC PZ7.L58474 2005 | 02/08/2016 | C.17 | 02/08/2016 | E-book on kindle | |||||
| Library of Congress Classification | PAC UNIVERSITY | PAC UNIVERSITY | KNDL | 02/08/2016 | Donation | FIC PZ7.L58474 2005 | 02/08/2016 | C.18 | 02/08/2016 | E-book on kindle | |||||
| Library of Congress Classification | PAC UNIVERSITY | PAC UNIVERSITY | KNDL | 02/08/2016 | Donation | FIC PZ7.L58474 2005 | 02/08/2016 | C.19 | 02/08/2016 | E-book on kindle | |||||
| Library of Congress Classification | PAC UNIVERSITY | PAC UNIVERSITY | KNDL | 02/08/2016 | Donation | FIC PZ7.L58474 2005 | 02/08/2016 | C.20 | 02/08/2016 | E-book on kindle | |||||
| Library of Congress Classification | PAC UNIVERSITY | PAC UNIVERSITY | KNDL | 02/08/2016 | Donation | FIC PZ7.L58474 2005 | 02/08/2016 | C.21 | 02/08/2016 | E-book on kindle | |||||
| Library of Congress Classification | PAC UNIVERSITY | PAC UNIVERSITY | KNDL | 02/08/2016 | Donation | FIC PZ7.L58474 2005 | 02/08/2016 | C.22 | 02/08/2016 | E-book on kindle | |||||
| Library of Congress Classification | PAC UNIVERSITY | PAC UNIVERSITY | KNDL | 02/08/2016 | Donation | FIC PZ7.L58474 2005 | 02/08/2016 | C.23 | 02/08/2016 | E-book on kindle | |||||
| Library of Congress Classification | PAC UNIVERSITY | PAC UNIVERSITY | KNDL | 02/08/2016 | Donation | FIC PZ7.L58474 2005 | 02/08/2016 | C.24 | 02/08/2016 | E-book on kindle | |||||
| Library of Congress Classification | PAC UNIVERSITY | PAC UNIVERSITY | KNDL | 02/08/2016 | Donation | FIC PZ7.L58474 2005 | 02/08/2016 | C.25 | 02/08/2016 | E-book on kindle |